| 000 | 00782cam a2200265 a 4500 | ||
|---|---|---|---|
| 001 | 210518 | ||
| 003 | OSt | ||
| 005 | 20180921 | ||
| 008 | 0000002013 A 0000000000spa00 | ||
| 020 | _a[sin ISBN] | ||
| 245 |
_aVademecum internacional : guía farmacológica _cdirectora Ma. Belén Fernández |
||
| 260 |
_aMadrid : _bUBM Médica Spain |
||
| 300 | _a1296 p. | ||
| 504 | _aIncluye índice | ||
| 650 |
_aFarmacología _aMedicamentos _aTerapéutica |
||
| 700 | _aBelén Fernández, María, dir | ||
| 040 |
_aDLC _cDLC |
||
| 942 |
_2ddc _cBK |
||
| 999 |
_c210518 _d21051800 |
||